Quản trị vận hành hiện đại (Quản trị sản xuất và du lịch) : Lý thuyết và tình huống thực hành ứng dụng của các công ty Việt Nam

Trình bày tổng quan về quản trị vận hành; dự báo; thiết kế sản phẩm, dịch vụ và quá trình vận hành; hoạch định công suất sản xuất và dịch vụ; định vị công ty; bố chí mặt bằng sản xuất và kinh doanh dịch vụ; hoạch định tổng hợp; quản trị...

Cur síos iomlán

Đã lưu trong:
Sonraí Bibleagrafaíochta
Príomhúdar: Đặng, Minh Trang
Formáid: Leabhar
Teanga:Undetermined
Foilsithe: Hà Nội Tài chính 2015
Ábhair:
Clibeanna: Cuir Clib Leis
Gan Chlibeanna, Bí ar an gcéad duine leis an taifead seo a chlibeáil!
Thư viện lưu trữ: Trung tâm Học liệu Trường Đại học Cần Thơ
LEADER 01307nam a2200217Ia 4500
001 CTU_202734
008 210402s9999 xx 000 0 und d
020 |c 128000 
082 |a 658.5 
082 |b Tr106 
100 |a Đặng, Minh Trang 
245 0 |a Quản trị vận hành hiện đại (Quản trị sản xuất và du lịch) : 
245 0 |b Lý thuyết và tình huống thực hành ứng dụng của các công ty Việt Nam 
245 0 |c Đặng Minh Trang, Lưu Đan Thọ 
260 |a Hà Nội 
260 |b Tài chính 
260 |c 2015 
520 |a Trình bày tổng quan về quản trị vận hành; dự báo; thiết kế sản phẩm, dịch vụ và quá trình vận hành; hoạch định công suất sản xuất và dịch vụ; định vị công ty; bố chí mặt bằng sản xuất và kinh doanh dịch vụ; hoạch định tổng hợp; quản trị tồn kho và hoạch định nhu cầu vật tư MRP; điều độ tác nghiệp; độ tin cậy và bảo trì máy; xếp hàng chờ; mô phỏng 
650 |a Production management,Quản trị sản xuất 
904 |i Nguyên 
980 |a Trung tâm Học liệu Trường Đại học Cần Thơ